000 00213nam a22000857a 4500
008 161103b xxu||||| |||| 00| 0 eng d
100 _91019
_averma h. c
245 _aphysics class- x
260 _aNew delhi
_bBharati
_c2012
999 _c3678
_d3678